South Eastern Kenya University

Library Online Public Access Catalogue


The trauma spectrum : (Record no. 8141)

MARC details
000 -LEADER
fixed length control field 00699cam a22002414a 4500
001 - CONTROL NUMBER
control field 13913551
003 - CONTROL NUMBER IDENTIFIER
control field OSt
005 - DATE AND TIME OF LATEST TRANSACTION
control field 20150804090358.0
008 - FIXED-LENGTH DATA ELEMENTS--GENERAL INFORMATION
fixed length control field 050328s2005 nyua b 001 0 eng
010 ## - LIBRARY OF CONGRESS CONTROL NUMBER
LC control number 2005047298
020 ## - INTERNATIONAL STANDARD BOOK NUMBER
International Standard Book Number 0393704661
040 ## - CATALOGING SOURCE
Original cataloging agency SEKU
042 ## - AUTHENTICATION CODE
Authentication code pcc
050 00 - LIBRARY OF CONGRESS CALL NUMBER
Classification number RC 552 .T7
Item number S3 2005
100 1# - MAIN ENTRY--PERSONAL NAME
Personal name Scaer, Robert C.
245 14 - TITLE STATEMENT
Title The trauma spectrum :
Remainder of title hidden wounds and human resiliency
Statement of responsibility, etc. Robert Scaer.
260 ## - PUBLICATION, DISTRIBUTION, ETC. (IMPRINT)
Place of publication, distribution, etc. New York :
Name of publisher, distributor, etc. Norton,
Date of publication, distribution, etc. 2005.
300 ## - PHYSICAL DESCRIPTION
Extent xviii, 308 p. :
Other physical details ill. ;
Dimensions 25 cm.
504 ## - BIBLIOGRAPHY, ETC. NOTE
Bibliography, etc Includes bibliographical references (p. 291-298) and index.
650 #0 - SUBJECT ADDED ENTRY--TOPICAL TERM
Topical term or geographic name as entry element Psychic trauma.
650 #0 - SUBJECT ADDED ENTRY--TOPICAL TERM
Topical term or geographic name as entry element Post-traumatic stress disorder.
942 ## - ADDED ENTRY ELEMENTS (KOHA)
Source of classification or shelving scheme Library of Congress Classification
Koha item type General circulation
Holdings
Withdrawn status Lost status Source of classification or shelving scheme Damaged status Not for loan Home library Current library Shelving location Date acquired Source of acquisition Total Checkouts Full call number Barcode Date last seen Price effective from Koha item type Public note
    Library of Congress Classification     Main Campus Library Main Campus Library General Stacks 04/08/2015 Donation-Books for Africa   RC 552 .T7 S3 2005 2015/006478 04/08/2015 04/08/2015 General circulation amk
Kitui, Kenya.
+254736116989
library@seku.ac.ke